The banking system of Switzerland

Uloženo v:
Podrobná bibliografie
Hlavní autor: Bär, Hans J.
Médium: Kniha
Jazyk:Undetermined
Vydáno: Zürich Buchdr. Neumann 1951
Témata:
Tagy: Přidat tag
Žádné tagy, Buďte první, kdo otaguje tento záznam!
Thư viện lưu trữ: Trung tâm Học liệu Trường Đại học Cần Thơ
LEADER 00506nam a2200193Ia 4500
001 CTU_82393
008 210402s9999 xx 000 0 und d
082 |a 332 
082 |b B223 
100 |a Bär, Hans J. 
245 4 |a The banking system of Switzerland 
245 0 |c Hans J. Bär 
260 |a Zürich 
260 |b Buchdr. Neumann 
260 |c 1951 
650 |a Banks and banking 
650 |z Switzerland 
904 |i Trọng Hải 
980 |a Trung tâm Học liệu Trường Đại học Cần Thơ